| 000 | 00868nam a2200217 i 4500 | ||
|---|---|---|---|
| 001 | 182884 | ||
| 003 | ES-MaACL | ||
| 005 | 20230906221736.0 | ||
| 008 | 131122s1923 gw |||| | ger d | ||
| 100 | 1 |
_aHerrmann, Walter. _9153879 |
|
| 245 | 1 | 4 |
_aDas hamburgische Jugendgefängnis Hahnöfersand : _bein Bericht über Erziehungsarbeit im Jugendstrafvollzug / _cWalter Herrmann. |
| 260 |
_aHamburg : _bW. Gente, _c1923. |
||
| 300 |
_a147 p. ; _c23 cm. |
||
| 490 | 1 | _aHamburgische Schriften zur gesamten Strafrechtswissenschaft / herausgeber M. Liepmann | |
| 650 | 4 |
_aDelincuencia juvenil- _zAlemania. _9153880 |
|
| 650 | 4 |
_aReformatorios- _zAlemania. _9153881 |
|
| 700 | 0 |
_aLiepmann, Moritz. _972250 |
|
| 830 | 0 |
_aHamburgische Schriften zur gesamten Strafrechtswissenschaft / herausgeber M. Liepmann _9224904 |
|
| 852 |
_aES-MaACL _jG-387 |
||
| 999 |
_c182884 _d182884 |
||